White slavery in the United States.
| Main Author: | |
|---|---|
| Corporate Author: | |
| Format: | eBook |
| Language: | English |
| Published: |
[New York] :
American Anti-Slavery Society,
[1855]
|
| Series: | Anti-slavery tracts ;
no. 2. World constitutions illustrated. Slavery in America and the world: history, culture & law. |
| Subjects: | |
| Online Access: | Connect to the full text of this electronic book |
MARC
| Tag | First Indicator | Second Indicator | Subfields |
|---|---|---|---|
| LEADER | 00000cam a2200000 i 4500 | ||
| 001 | in00004410421 | ||
| 005 | 20210123192751.0 | ||
| 006 | m fo d | ||
| 007 | cr bn nnnauuuu | ||
| 008 | 100824s1855 nyu o 000 0 eng d | ||
| 035 | |a ccn00310007 | ||
| 040 | |a NjRocCCS |b eng |e rda |c NjRocCCS | ||
| 043 | |a n-us--- | ||
| 050 | 4 | |a E449 |b .B692 1855 | |
| 100 | 1 | |a Bowditch, William I. |q (William Ingersoll), |d 1819-1909, |e author. | |
| 245 | 1 | 0 | |a White slavery in the United States. |
| 264 | 1 | |a [New York] : |b American Anti-Slavery Society, |c [1855] | |
| 264 | 2 | |a [Buffalo, New York] : |b William S. Hein and Company, |c [between 2009 and 2013] | |
| 300 | |a 1 online resource (8 pages). | ||
| 336 | |a text |b txt |2 rdacontent | ||
| 337 | |a computer |b c |2 rdamedia | ||
| 338 | |a online resource |b cr |2 rdacarrier | ||
| 490 | 1 | |a Anti-slavery tracts ; |v no. 2 | |
| 490 | 1 | |a HeinOnline world constitutions illustrated | |
| 490 | 1 | |a HeinOnline slavery in America and the world: history, culture & law | |
| 500 | |a Caption title. | ||
| 588 | |a Description based on print version record. | ||
| 650 | 0 | |a Slavery |z United States |v Controversial literature. | |
| 650 | 0 | |a Antislavery movements |z United States. | |
| 655 | 7 | |a Electronic books. |2 local | |
| 710 | 2 | |a American Anti-Slavery Society. | |
| 776 | 0 | 8 | |c Original |w (DLC) 11008401 |
| 830 | 0 | |a Anti-slavery tracts ; |v no. 2. | |
| 830 | 0 | |a World constitutions illustrated. | |
| 830 | 0 | |a Slavery in America and the world: history, culture & law. | |
| 856 | 4 | 0 | |u http://proxy.library.tamu.edu/login?url=https://www.heinonline.org/HOL/Page?handle=hein.slavery/whitslvus0001&id=1&size=2&collection=slavery&index=alpha/W_slavery |z Connect to the full text of this electronic book |t 0 |
| 949 | |a E 449 .B692 1855 |w LC |c 1 |i 310007-1001 |d 5/19/2017 |l MAIN |m HEN |q 2 |r Y |s Y |t WEB |u 8/24/2010 |x ENG |z N-US | ||
| 999 | f | f | |s 0b747857-1dd4-301c-a823-bcba10251c0e |i fe2358a8-86cc-3005-9b3c-fe86d4dd0bd8 |t 0 |
| 952 | f | f | |a Texas A&M University |b College Station |c Electronic Resources |d Available Online |t 0 |e E449 .B692 1855 |h Library of Congress classification |
| 998 | f | f | |a E449 .B692 1855 |t 0 |l Available Online |